000 00315nam a22001337a 4500
008 170621b xxu||||| |||| 00| 0 eng d
020 _a9780195072648
041 _aeng
080 _a32
100 _a20
101 _aSHP
245 _aMARX'S RADICAL CRITIQUE OF CAPITALIST SOCIETY
_cARNOLD, N.S
942 _2udc
_cBK
999 _c18552
_d18552